<?xml version="1.0" encoding="UTF-8"?>
<record
    xmlns:xsi="http://www.w3.org/2001/XMLSchema-instance"
    xsi:schemaLocation="http://www.loc.gov/MARC21/slim http://www.loc.gov/standards/marcxml/schema/MARC21slim.xsd"
    xmlns="http://www.loc.gov/MARC21/slim">

  <leader>01706nab a2200217 i 4500</leader>
  <controlfield tag="001">BPP</controlfield>
  <controlfield tag="003">BPK</controlfield>
  <controlfield tag="005">20170220111732.0</controlfield>
  <controlfield tag="008">140220s2007    pl     f     |000 0 pol</controlfield>
  <datafield tag="040" ind1=" " ind2=" ">
    <subfield code="c">BPK</subfield>
  </datafield>
  <datafield tag="080" ind1=" " ind2=" ">
    <subfield code="a">621.59</subfield>
  </datafield>
  <datafield tag="100" ind1=" " ind2=" ">
    <subfield code="a">BOHDAL, Tadeusz.</subfield>
    <subfield code="d">1996 -  </subfield>
    <subfield code="b">Politechnika Koszali&#x144;ska - Wydzia&#x142; Mechaniczny,</subfield>
    <subfield code="c">Katedra Techniki Cieplnej i Ch&#x142;odnictwa</subfield>
  </datafield>
  <datafield tag="245" ind1=" " ind2=" ">
    <subfield code="a">Badanie skraplania czynnika ch&#x142;odniczego R404A w obecno&#x15B;ci gazu inertnego /</subfield>
    <subfield code="c">Tadeusz Bohdal, Henryk Charun, R. Matysko.</subfield>
  </datafield>
  <datafield tag="260" ind1=" " ind2=" ">
    <subfield code="c">2007.</subfield>
  </datafield>
  <datafield tag="500" ind1=" " ind2=" ">
    <subfield code="a">Dane z autopsji.</subfield>
  </datafield>
  <datafield tag="520" ind1=" " ind2=" ">
    <subfield code="a">Przeprowadzono badania eksperymentalne procesu skraplania czynnika ch&#x142;odniczego R404A w kanale rurowym w obecno&#x15B;ci gazu inertnego - powietrza. Wykazano negatywny wp&#x142;yw zawarto&#x15B;ci powietrza w skraplaczu na proces kondensacji czynnika ch&#x142;odniczego, co objawia si&#x119; obni&#x17C;eniem wsp&#xF3;&#x142;czynnika przejmowania ciep&#x142;a, wyd&#x142;u&#x17C;eniem d&#x142;ugo&#x15B;ci strefy skraplania oraz wzrostem spadku ci&#x15B;nienia podczas przep&#x142;ywu mieszaniny w kanale rurowym. Opracowano zale&#x17C;no&#x15B;&#x107; pozwalaj&#x105;c&#x105; wyznacza&#x107; warto&#x15B;&#x107; wsp&#xF3;&#x142;czynnika przejmowania ciep&#x142;a w funkcji obj&#x119;to&#x15B;ciowego udzia&#x142;u gazu inertnego w skraplaczu. Uzyskane wyniki pomiar&#xF3;w jednoznacznie wskaza&#x142;y konieczno&#x15B;&#x107; zachowania czysto&#x15B;ci i szczelno&#x15B;ci instalacji ch&#x142;odniczej, poniewa&#x17C; w przypadku jej zapowietrzenia wyst&#x105;pi bardzo niekorzystna zmiana parametr&#xF3;w pracy i spadek wydajno&#x15B;ci cieplnej ca&#x142;ego urz&#x105;dzenia.</subfield>
  </datafield>
  <datafield tag="650" ind1=" " ind2="0">
    <subfield code="a">Ch&#x142;odnictwo.</subfield>
  </datafield>
  <datafield tag="700" ind1=" " ind2=" ">
    <subfield code="a">CHARUN, Henryk.</subfield>
    <subfield code="d">1996 - </subfield>
    <subfield code="b">Politechnika Koszali&#x144;ska - Wydzia&#x142; Mechaniczny,</subfield>
    <subfield code="c">Katedra Techniki Cieplnej i Ch&#x142;odnictwa</subfield>
  </datafield>
  <datafield tag="773" ind1=" " ind2=" ">
    <subfield code="i">W :</subfield>
    <subfield code="t">Ch&#x142;odnictwo i Klimatyzacja. -</subfield>
    <subfield code="g">2007, nr 5 (108), s. 18-24</subfield>
  </datafield>
  <datafield tag="942" ind1=" " ind2=" ">
    <subfield code="c">ART</subfield>
    <subfield code="2">UKD</subfield>
  </datafield>
  <datafield tag="999" ind1=" " ind2=" ">
    <subfield code="c">594</subfield>
    <subfield code="d">594</subfield>
  </datafield>
  <datafield tag="952" ind1=" " ind2=" ">
    <subfield code="0">0</subfield>
    <subfield code="1">0</subfield>
    <subfield code="4">0</subfield>
    <subfield code="7">0</subfield>
    <subfield code="a">BPK</subfield>
    <subfield code="b">BPK</subfield>
    <subfield code="o">0967</subfield>
    <subfield code="y">ART</subfield>
  </datafield>
</record>
